| 000 | 00717nam a22002051i 4500 | ||
|---|---|---|---|
| 001 | 000030415 | ||
| 003 | RuMoIPM | ||
| 005 | 20260427104025.0 | ||
| 008 | 130115s1973----ur | c rus | ||
| 040 |
_aRuMoIPM _brus _ercr |
||
| 041 | 0 | _arus | |
| 080 | _a51(07) | ||
| 100 | 1 | _aМетельский, Николай Владимирович | |
| 245 | 1 |
_aПособие по математике для поступающих в техникумы и училища _b(На базе восьмилетней школы) _cН. В. Метельский |
|
| 250 | _a6-е изд. | ||
| 260 |
_aМинск _bИзд-во БГУ _c1973 |
||
| 300 |
_a544 с. _bил. |
||
| 504 | _aБиблиогр.: с. 536 | ||
| 942 | _cBK | ||
| 999 |
_c30415 _d30415 |
||